000 00837nam a2200229 a 4500
005 20240924070913.0
008 991125s1953 [s. 000 0 spa u
035 _aUPN01000035166
049 _aLT
050 4 _aLB1573 L52
245 0 0 _aLibro de lectura para el primer ciclo :
_bformado con ideas y pensamientos de los alumnos de las escuelas rurales de la 172 zona escolar en Michoacán /
_cselec. Herminia Zavala O., Jacoba Hernández V. ; ed. Fidel Torres F., Francisco Fría
260 _a[S. l.] :
_b[s. n.],
_c1953
300 _a64 p.
500 _aDisponible en la Colección Medina
650 4 _aLectura
_913351
700 2 _aZavala O., Herminia,
_ecomp.
700 2 _aHernández V., Jacoba,
_ecomp.
700 2 _aTorres F., Fidel,
_eed.
700 2 _aFrías R., Francisco,
_eed.
904 _aAC
_b035167
905 _aLibro
999 _c35166
_d35166